000 00456nam a2200157Ia 4500
008 100122s9999 xx 000 0 und d
082 _b45522
_a821
100 _aकिणीकर रॉय
245 _aउत्तररात्र
250 _a2
260 _bशब्दसन्मान प्रकाशन
_c1985
300 _a96
630 _aउत्तररात्र
730 _aउत्तररात्र
942 _cBOOK
999 _c424974
_d424971